The complete book of photographing birds /

Bibliographic Details
Main Author: Kinne, Russ
Format: Book
Language:English
Published: New York, N.Y. : Amphoto, 1981.
Subjects:

MARC

Tag First Indicator Second Indicator Subfields
LEADER 00000pam a2200000 a 4500
001 in00000084011
005 20151008054358.0
008 810820s1981 nyua b 00110 eng
010 |a  81012761  
020 |a 0817436928 
035 |a (OCoLC)07738260 
035 |9 AAJ0480AM 
039 0 |a 2  |b 3  |c 3  |d 3  |e 3 
040 |a DLC  |c DLC  |d TXA  |d UtOrBLW 
049 |a TXAM  |c [1196039] 
050 0 0 |a TR729.B5  |b K56 
082 0 |a 778.932  |2 19 
100 1 |a Kinne, Russ. 
245 1 4 |a The complete book of photographing birds /  |c by Russ Kinne ; with an introduction by Roger Tory Peterson. 
264 1 |a New York, N.Y. :  |b Amphoto,  |c 1981. 
300 |a 157 pages :  |b illustrations (some color) ;  |c 29 cm. 
336 |a text  |b txt  |2 rdacontent 
337 |a unmediated  |b n  |2 rdamedia 
338 |a volume  |b nc  |2 rdacarrier 
500 |a Includes index. 
504 |a Bibliography: page 156. 
650 0 |a Photography of birds. 
999 |a MARS 
999 f f |s 462b5261-b708-301b-a719-ee156dc6fcaa  |i a12be772-663c-3a33-8977-f36116d39e37  |t 0 
952 f f |p normal  |a Texas A&M University  |b College Station  |c Sterling C. Evans Library  |d Evans: Library Stacks  |t 0  |e TR729.B5 K56  |h Library of Congress classification  |i unmediated -- volume  |m A14806258438 
998 f f |a TR729.B5 K56  |t 0  |l Evans: Library Stacks